Catalog

Record Details

Catalog Search



The astonishing color of after  Cover Image Book Book

The astonishing color of after / Emily X.R. Pan.

Pan, Emily X. R., (author.).

Summary:

Leigh Chen Sanders is absolutely certain about one thing: when her mother died by suicide, she turned into a bird. When she travels to Taiwan to meet her maternal grandparents for the first time, Leigh is determined to find her mother, the bird. In her search, she winds up chasing after ghosts, uncovering family secrets, and forging a new relationship with her grandparents. And as she grieves, she must try to reconcile the fact that on the same day she kissed her longtime secret crush, Axel, her mother was taking her own life.

Record details

  • ISBN: 9780316463997
  • ISBN: 031646399X
  • Physical Description: 472 pages ; 22 cm.
  • Edition: First edition.
  • Publisher: New York : Little, Brown and Company, ©2018.

Content descriptions

Target Audience Note:
Young adult
Subject: Suicide > Juvenile fiction.
Grief > Juvenile fiction.
Artists > Juvenile fiction.
Racially mixed people > Juvenile fiction.
Grandparents > Juvenile fiction.
Americans > Taiwan > Juvenile fiction.
Secrets > Fiction.
Supernatural > Fiction.
Taiwan > Juvenile fiction.
Genre: Paranormal fiction.

LDR 02003cam a2200457 a 4500
001147610
003CONS
00520190327124304.0
007ta
008170710t20182018nyu d 000 1 eng
010 . ‡a 2017022920
020 . ‡a9780316463997 ‡q(hardcover)
020 . ‡a031646399X ‡q(hardcover)
035 . ‡a(CPomAG)LMN607124
042 . ‡apcc ‡alcac
043 . ‡aa-ch---
05000. ‡aPZ7.1.P3573 ‡bAst 2018
08200. ‡a813/.6 ‡223
1001 . ‡aPan, Emily X. R., ‡eauthor.
24514. ‡aThe astonishing color of after / ‡cEmily X.R. Pan.
250 . ‡aFirst edition.
264 1. ‡aNew York : ‡bLittle, Brown and Company, ‡c©2018.
300 . ‡a472 pages ; ‡c22 cm.
336 . ‡atext ‡btxt ‡2rdacontent
337 . ‡aunmediated ‡bn ‡2rdamedia
338 . ‡avolume ‡bnc ‡2rdacarrier
520 . ‡aLeigh Chen Sanders is absolutely certain about one thing: when her mother died by suicide, she turned into a bird. When she travels to Taiwan to meet her maternal grandparents for the first time, Leigh is determined to find her mother, the bird. In her search, she winds up chasing after ghosts, uncovering family secrets, and forging a new relationship with her grandparents. And as she grieves, she must try to reconcile the fact that on the same day she kissed her longtime secret crush, Axel, her mother was taking her own life.
521 . ‡aYoung adult
650 0. ‡aSuicide ‡vJuvenile fiction.
650 0. ‡aGrief ‡vJuvenile fiction.
650 0. ‡aArtists ‡vJuvenile fiction.
650 0. ‡aRacially mixed people ‡vJuvenile fiction.
650 0. ‡aGrandparents ‡vJuvenile fiction.
650 0. ‡aAmericans ‡zTaiwan ‡vJuvenile fiction.
650 1. ‡aSecrets ‡vFiction.
650 1. ‡aSupernatural ‡vFiction.
651 0. ‡aTaiwan ‡vJuvenile fiction.
655 7. ‡aParanormal fiction. ‡2lcgft
914 . ‡aSCP_kt ‡dNAC_as
959 . ‡i32269001068587 ‡lYA Pan ‡aYoung Adult - Fiction ‡tYA Fiction ‡g19.00
852 . ‡p32269001068587 ‡jYA Pan ‡gYoung Adult - Fiction ‡cYA Fiction ‡y19.00 ‡bSBPL
901 . ‡a147610 ‡bUnknown ‡c147610 ‡tbiblio

Additional Resources